怎样增强英文识字能力 (Record no. 67317)

000 -LEADER
fixed length control field 00486nam a22001697a 4500
003 - CONTROL NUMBER IDENTIFIER
control field MPLRDC
005 - DATE AND TIME OF LATEST TRANSACTION
control field 20220104201749.0
008 - FIXED-LENGTH DATA ELEMENTS--GENERAL INFORMATION
fixed length control field 210129b ||||| |||| 00| 0 eng d
082 ## - DEWEY DECIMAL CLASSIFICATION NUMBER
Classification number 805.1 LMM
100 ## - MAIN ENTRY--PERSONAL NAME
Personal name 李勉民
245 ## - TITLE STATEMENT
Title 怎样增强英文识字能力
Statement of responsibility, etc.
260 ## - PUBLICATION, DISTRIBUTION, ETC.
Place of publication, distribution, etc. 香港
Name of publisher, distributor, etc. 读者文摘远东有限公司
Date of publication, distribution, etc. 1982
300 ## - PHYSICAL DESCRIPTION
Other physical details
520 ## - SUMMARY, ETC.
Summary, etc. 上架 2017-07-06。<br/>2016-01-08 涂鸦--pg.书站立上方。
650 ## - SUBJECT ADDED ENTRY--TOPICAL TERM
Topical term or geographic name entry element 英语;英国语言
942 ## - ADDED ENTRY ELEMENTS (KOHA)
Koha item type Book
-- 805.1 LMM
Holdings
Withdrawn status Lost status Source of classification or shelving scheme Damaged status Not for loan Collection code Home library Current library Shelving location Date acquired Cost, normal purchase price Total Checkouts Full call number Barcode Date last seen Date last checked out Price effective from Koha item type Public note
            Malaysian Public Library, Research and Development Centre Malaysian Public Library, Research and Development Centre   22/06/2017 128.00   805.1 LMM 00060915 18/03/2021 22/06/2017 18/03/2021 Book mplrdc

© 2022. Malaysian Public Library, Research and Development Centre. All Right ReservedE-mailmplrdc@help.edu.my 

Powered by Koha